|
|
|
|
| LEADER |
00817cam a2200229 7i4500 |
| 001 |
0000045018 |
| 005 |
20170331090000.0 |
| 020 |
|
|
|a 9780078035142 (hbk.)
|
| 020 |
|
|
|a 0078035147 (hbk.)
|
| 090 |
0 |
0 |
|a BF713
|b .P37 2012
|
| 100 |
1 |
|
|a Papalia, Diane E
|
| 245 |
1 |
0 |
|a Experience human development
|c Diane E. Papalia, Ruth Duskin Feldman ; with Gabriela Martorell.
|
| 250 |
|
|
|a 12th ed.
|
| 260 |
|
|
|a New York:
|b McGraw-Hill,
|c 2012.
|
| 300 |
|
|
|a xxxi, 625 p.:
|b col. ill.;
|c 29 cm.
|
| 650 |
0 |
0 |
|a Developmental psychobiology
|
| 650 |
0 |
0 |
|a Developmental psychology
|
| 700 |
1 |
|
|a Feldman, Ruth Duskin
|
| 700 |
1 |
|
|a Martorell, Gabriela
|
| 997 |
|
|
|a Education & Social Sciences, Faculty
|b Social Sciences, Department
|
| 998 |
|
|
|a Industrial Psychology, Degree
|
| 999 |
|
|
|a 0000055051
|b BOK
|c OPEN SHELF
|e 1st Floor, Bestari Jaya
|